[Event "XXXVI Open Internacional d'Esc"]
[Site "Badalona (Spain)"]
[Date "2010.08.02"]
[Round "1"]
[Board "1"]
[White "Van Gelder, Bart"]
[Black "Quesada Perez, Yuniesky"]
[Result "0-1"]
[WhiteElo "2152"]
[BlackElo "2603"]
[PlyCount "80"]
[EventDate "2010.08.02"]
[EventRounds "9"]
[EventCountry "ESP"]

1.d4 Nf6 2.Nf3 e6 3.Bg5 h6 4.Bh4 c5 5.e3 cxd4 6.exd4 b6 7.Be2 Bb7 8.O-O Be7
9.Nbd2 O-O 10.a4 a6 11.Nc4 d6 12.c3 Nbd7 13.Re1 Qc7 14.Nfd2 Rfe8 15.Bg3 Rac8
16.Bf3 Bxf3 17.Qxf3 b5 18.Ne3 Qb6 19.axb5 axb5 20.d5 e5 21.Nb3 Ra8 22.Qf5 g6
23.Qh3 Bf8 24.Bh4 Ra4 25.Bxf6 Nxf6 26.Qf3 Bg7 27.Reb1 Rea8 28.Qd1 h5 29.Rxa4
Rxa4 30.Nd2 Bh6 31.Ndf1 Ne4 32.Ra1 Qa6 33.Rb1 b4 34.c4 Qa7 35.Qe1 b3 36.g3 Qd4
37.Ra1 Ra2 38.Rxa2 bxa2 39.Qa1 Bxe3 40.Nxe3 Qd2

[Event "XXXVI Open Internacional d'Esc"]
[Site "Badalona (Spain)"]
[Date "2010.08.02"]
[Round "1"]
[Board "1"]
[White "Corrales Jimenez, Fidel"]
[Black "Contreras Medina, Ruben Dario"]
[Result "1-0"]
[WhiteElo "2574"]
[BlackElo "2147"]
[PlyCount "43"]
[EventDate "2010.08.02"]
[EventRounds "9"]
[EventCountry "ESP"]

1.d4 Nf6 2.c4 c5 3.Nf3 g6 4.g3 Bg7 5.Bg2 O-O 6.O-O cxd4 7.Nxd4 d5 8.cxd5 Nxd5
9.Nb5 e6 10.e4 a6 11.N5a3 Nb6 12.Nc3 Nc6 13.Be3 Nd4 14.f4 e5 15.fxe5 Bxe5 16.Rf2
Qd6 17.Rd2 Rd8 18.Nc2 Nc4 19.Rxd4 Bxd4 20.Bxd4 Nxb2 21.Qf1 Qc6 22.Nd5

[Event "XXXVI Open Internacional d'Esc"]
[Site "Badalona (Spain)"]
[Date "2010.08.02"]
[Round "1"]
[Board "1"]
[White "Mundaca Alvarez, Juan Carlos"]
[Black "Munoz Pantoja, Miguel"]
[Result "0-1"]
[WhiteElo "2119"]
[BlackElo "2494"]
[PlyCount "64"]
[EventDate "2010.08.02"]
[EventRounds "9"]
[EventCountry "ESP"]

1.e4 d5 2.exd5 Qxd5 3.Nc3 Qa5 4.d4 Nf6 5.Bd2 a6 6.Bc4 Qb6 7.Nf3 e6 8.Qe2 Bb4
9.O-O-O O-O 10.h4 Nc6 11.Ne4 Nd5 12.c3 Be7 13.g4 Bd7 14.g5 Kh8 15.Rhg1 Na5
16.Bd3 c5 17.Ne5 Be8 18.dxc5 Bxc5 19.Nxc5 Qxc5 20.Qe4 f5 21.gxf6 Nxf6 22.Qg2 Rg8
23.Qg5 Qe7 24.h5 Nc6 25.Ng6+ Bxg6 26.hxg6 Rgd8 27.Rg3 Rd5 28.Qh4 Rh5 29.Qf4 e5
30.Qc4 e4 31.Be2 Rc5 32.Qb3 Nd4

[Event "XXXVI Open Internacional d'Esc"]
[Site "Badalona (Spain)"]
[Date "2010.08.02"]
[Round "1"]
[Board "1"]
[White "Narciso Dublan, Marc"]
[Black "Gomez, Gustavo Pizzocaro"]
[Result "1-0"]
[WhiteElo "2540"]
[BlackElo "2142"]
[PlyCount "61"]
[EventDate "2010.08.02"]
[EventRounds "9"]
[EventCountry "ESP"]

1.c4 {[%emt 0:00:00]} e5 2.g3 Nc6 3.Nc3 Nf6 4.Bg2 Bb4 5.Nd5 Bc5 6.e3 d6 7.Ne2
Nxd5 8.cxd5 Ne7 9.d4 Bb6 10.dxe5 dxe5 11.O-O O-O 12.Nc3 f5 13.b4 Ng6 14.Na4 f4
15.exf4 Bd4 16.Rb1 Qf6 17.Be3 Bf5 18.Rc1 Rac8 19.Bxd4 exd4 20.Nc5 b6 21.Ne4 Bxe4
22.Bxe4 Ne7 23.Rc4 Nf5 24.Bxf5 Qxf5 25.Rxd4 Rfe8 26.Qd3 Qh3 27.Re4 Rxe4 28.Qxe4
h6 29.Rc1 Qd7 30.Rc6 Rd8 31.Qe5

[Event "XXXVI Open Internacional d'Esc"]
[Site "Badalona (Spain)"]
[Date "2010.08.02"]
[Round "1"]
[Board "1"]
[White "Bruzon Batista, Lazaro"]
[Black "Alonso Castillo, Sergio"]
[Result "1-0"]
[WhiteElo "2653"]
[BlackElo "2161"]
[PlyCount "103"]
[EventDate "2010.08.02"]
[EventRounds "9"]
[EventCountry "ESP"]

1.Nf3 Nf6 2.g3 d5 3.Bg2 g6 4.c4 c6 5.b3 Bg7 6.Bb2 O-O 7.O-O Re8 8.Qc2 Bg4 9.d3
Bxf3 10.Bxf3 e6 11.Nd2 Nfd7 12.d4 f5 13.b4 Nf6 14.e3 Nbd7 15.Nb3 Ne4 16.Na5 Qb6
17.a3 Ndf6 18.Rac1 Re7 19.Qd3 g5 20.Nb3 Rae8 21.Bg2 g4 22.Rc2 Rf7 23.Qe2 Bf8
24.Nc5 Qd8 25.Nd3 Bd6 26.Ne5 Rg7 27.b5 cxb5 28.cxd5 exd5 29.Qxb5 Ree7 30.Rfc1
Rc7 31.h4 Rxc2 32.Rxc2 Rc7 33.Qb3 Rxc2 34.Qxc2 Qc7 35.Qa4 Qb6 36.Bxe4 fxe4
37.Nd7 Nxd7 38.Qxd7 Qxb2 39.Qxd6 Qb3 40.Kg2 Kg7 41.h5 Qb5 42.h6+ Kf7 43.Qc7+ Kg6
44.Qg7+ Kh5 45.Qxh7 Qe2 46.Qxb7 Qf3+ 47.Kg1 Qd1+ 48.Kh2 Qf3 49.Qxd5+ Kxh6
50.Qd6+ Kg7 51.Qf4 Qe2 52.Kg2

[Event "XXXVI Open Internacional d'Esc"]
[Site "Badalona (Spain)"]
[Date "2010.08.02"]
[Round "1"]
[Board "1"]
[White "Comellas Blanchart, Jordi"]
[Black "Almeida Quintana, Omar"]
[Result "0-1"]
[WhiteElo "2142"]
[BlackElo "2559"]
[PlyCount "56"]
[EventDate "2010.08.02"]
[EventRounds "9"]
[EventCountry "ESP"]

1.e4 g6 2.d4 Bg7 3.Nc3 d6 4.f4 a6 5.Nf3 b5 6.Bd3 Nd7 7.e5 c5 8.Be3 Bb7 9.O-O Nh6
10.e6 fxe6 11.Ng5 Bxd4 12.Bxd4 cxd4 13.Nxe6 Qb6 14.Ne4 Nf5 15.N4g5 Ne3 16.Nxh7
Ne5 17.Qe2 Nxd3 18.Qxd3 Bxg2 19.Rfe1 Bh3 20.Qxd4 Qxd4 21.Nxd4 Ng2 22.Nf6+ Kf7
23.Nd5 Nxe1 24.Rxe1 Ra7 25.Nc6 Rb7 26.Ndb4 Rc7 27.Re3 Bf5 28.Rc3 Rhc8

[Event "XXXVI Open Internacional d'Esc"]
[Site "Badalona (Spain)"]
[Date "2010.08.02"]
[Round "1"]
[Board "1"]
[White "Bhat, Vinay S"]
[Black "Rojano Cano, Francisco Jose"]
[Result "1-0"]
[WhiteElo "2536"]
[BlackElo "2127"]
[PlyCount "59"]
[EventDate "2010.08.02"]
[EventRounds "9"]
[EventCountry "ESP"]

1.d4 e6 2.c4 Nf6 3.Nf3 d5 4.Nc3 c6 5.g3 Bd6 6.Bg2 Nbd7 7.Nd2 O-O 8.O-O Bb4 9.Qc2
Re8 10.Rd1 Qb6 11.c5 Qd8 12.e4 Bxc3 13.bxc3 Nxe4 14.Nxe4 dxe4 15.Bxe4 f5 16.Bg2
Qf6 17.Re1 Nf8 18.Rb1 Ng6 19.f4 Qd8 20.Qf2 Qc7 21.c4 b6 22.d5 cxd5 23.cxd5 Bb7
24.c6 Ba6 25.Ba3 exd5 26.Bxd5+ Kh8 27.Rxe8+ Rxe8 28.Re1 Rd8 29.Qe3 h5 30.Qf3

[Event "XXXVI Open Internacional d'Esc"]
[Site "Badalona (Spain)"]
[Date "2010.08.02"]
[Round "1"]
[Board "1"]
[White "Alberto, Manuel"]
[Black "Bromberger, Stefan"]
[Result "1-0"]
[WhiteElo "2140"]
[BlackElo "2537"]
[PlyCount "65"]
[EventDate "2010.08.02"]
[EventRounds "9"]
[EventCountry "ESP"]

1.e4 {[%emt 0:00:00]} c5 {[%emt 0:00:00]} 2.Nf3 d6 3.d4 cxd4 4.Nxd4 Nf6 5.Nc3 a6
6.Bg5 e6 7.Qf3 Be7 8.O-O-O Qa5 9.h4 Nbd7 10.Be2 Nc5 11.Kb1 Qc7 12.h5 h6 13.Be3
Bd7 14.Bd3 O-O-O 15.Qg3 Kb8 16.f4 e5 17.Nb3 exf4 18.Bxf4 Nxb3 19.cxb3 Be6 20.Be2
Ka8 21.Bf3 Qa5 22.Rd4 Nd7 23.Nd5 Bxd5 24.Rxd5 Qb6 25.Bxd6 Bxd6 26.Rxd6 Qa5
27.Rhd1 Nb8 28.b4 Qc7 29.e5 f6 30.Rc1 Qe7 31.Rb6 Rd3 32.e6 Rhd8 33.Qc7

[Event "XXXVI Open Internacional d'Esc"]
[Site "Badalona (Spain)"]
[Date "2010.08.02"]
[Round "1"]
[Board "1"]
[White "Do Santos Julio, Joao Manuel"]
[Black "Gonzalez Garcia, Jose"]
[Result "0-1"]
[WhiteElo "2122"]
[BlackElo "2508"]
[PlyCount "136"]
[EventDate "2010.08.02"]
[EventRounds "9"]
[EventCountry "ESP"]

1.e4 c5 2.Nf3 e6 3.d4 cxd4 4.Nxd4 a6 5.c4 Nf6 6.f3 Qc7 7.Be3 Bd6 8.g3 h5 9.Qd2
Nc6 10.Nc3 Nxd4 11.Bxd4 e5 12.Be3 Bc5 13.Be2 d6 14.O-O-O Bxe3 15.Qxe3 Be6 16.Kb1
O-O 17.Nd5 Bxd5 18.cxd5 Rfc8 19.Rc1 Qa5 20.f4 exf4 21.Qxf4 Qb4 22.Bf3 Qd4
23.Rhd1 Rxc1+ 24.Rxc1 Re8 25.Rd1 Qf2 26.Rd2 Qg1+ 27.Kc2 Rc8+ 28.Kd3 Qf1+ 29.Be2
Qb1+ 30.Kd4 Qc1 31.Kd3 Qb1+ 32.Kd4 Qg1+ 33.Qe3 Qc1 34.Qf4 Re8 35.Bf3 b5 36.b3 b4
37.Kd3 Qb1+ 38.Ke3 Qg1+ 39.Ke2 Qxh2+ 40.Kf1 Qh3+ 41.Kg1 Qc8 42.Kg2 Qc3 43.Re2
Re5 44.Rf2 a5 45.Re2 Nd7 46.Qh4 Nf6 47.Qf4 Qc7 48.Qd2 Nd7 49.Qd3 Qb6 50.Qc4 Nc5
51.Re1 Qb8 52.Rh1 Qe8 53.Bxh5 Rxe4 54.Qc2 g6 55.Bf3 Re1 56.Rh4 Qe3 57.Qb2 Qc3
58.Qf2 Rb1 59.Kh3 Rb2 60.Qf1 Qd3 61.Qe1 Qf5+ 62.Bg4 Qe4 63.Qf1 Rb1 64.Bd1 Qxd5
65.Qb5 Qh1+ 66.Kg4 Qxd1+ 67.Kg5 Ne6+ 68.Kf6 Qf1+

[Event "XXXVI Open Internacional d'Esc"]
[Site "Badalona (Spain)"]
[Date "2010.08.03"]
[Round "2"]
[Board "1"]
[White "Quesada Perez, Yuniesky"]
[Black "Perpinya Rofes, Lluis Maria"]
[Result "1-0"]
[WhiteElo "2603"]
[BlackElo "2344"]
[PlyCount "129"]
[EventDate "2010.08.02"]
[EventRounds "9"]
[EventCountry "ESP"]

1.e4 c5 2.Nf3 Nc6 3.d4 cxd4 4.Nxd4 g6 5.c4 Bg7 6.Be3 Nf6 7.Nc3 O-O 8.Be2 d6
9.O-O Bd7 10.Qd2 Nxd4 11.Bxd4 Bc6 12.f3 a5 13.b3 Nd7 14.Be3 Nc5 15.Rab1 Qb8
16.Kh1 b6 17.Rfd1 Qb7 18.Nd5 Rfe8 19.a3 e6 20.Nxb6 Ra6 21.Qxd6 Bf8 22.Qe5 f6
23.Qxf6 Rxb6 24.b4 axb4 25.axb4 e5 26.Rd6 Bxd6 27.Qxd6 Bxe4 28.Qxc5 Rc6 29.Qb5
Qxb5 30.cxb5 Rc3 31.fxe4 Rxe3 32.Bc4+ Kf8 33.Bd5 Rb8 34.Bc6 Ke7 35.h3 h5 36.Ra1
Rb3 37.Bd5 Rxb4 38.Ra6 R8xb5 39.Rxg6 h4 40.Re6+ Kd7 41.Rxe5 Rc5 42.Kh2 Rd4
43.Re6 Rc2 44.Rg6 Re2 45.Rg4 Rdd2 46.Bc4 Rf2 47.e5 Ke7 48.Kg1 Rc2 49.Bd5 Rf5
50.Rxh4 Rxe5 51.Bf3 Kf6 52.Ra4 Re3 53.h4 Rec3 54.Ra6+ Kf5 55.h5 Kg5 56.Rg6+ Kf5
57.Rg8 Kf6 58.h6 Rc7 59.Be4 Rc1+ 60.Kh2 R1c4 61.Rg6+ Kf7 62.Rg4 Kf6 63.Kh3 Re7
64.h7 Rc8 65.Rg8

[Event "XXXVI Open Internacional d'Esc"]
[Site "Badalona (Spain)"]
[Date "2010.08.03"]
[Round "2"]
[Board "1"]
[White "Mohota, Nisha"]
[Black "Corrales Jimenez, Fidel"]
[Result "0-1"]
[WhiteElo "2295"]
[BlackElo "2574"]
[PlyCount "84"]
[EventDate "2010.08.02"]
[EventRounds "9"]
[EventCountry "ESP"]

1.d4 Nf6 2.c4 e6 3.g3 c5 4.d5 exd5 5.cxd5 d6 6.Nc3 g6 7.Nf3 Bg7 8.Bg2 O-O 9.O-O
Na6 10.Nd2 Nc7 11.a4 b6 12.h3 Ba6 13.Re1 Re8 14.Nde4 Nxe4 15.Nxe4 Qe7 16.Bg5 f6
17.Bf4 Rad8 18.Ra3 g5 19.Bc1 Qf7 20.Nc3 h6 21.Bf3 f5 22.e3 Re7 23.Bh5 Qf6 24.Be2
Bxe2 25.Nxe2 Qf7 26.Rd3 Na6 27.Nc3 Nb4 28.Rd2 a6 29.Qf3 c4 30.Ne2 Nd3 31.Red1 b5
32.axb5 axb5 33.Rxd3 cxd3 34.Rxd3 Ra7 35.Kg2 Rc8 36.g4 fxg4 37.Qxg4 Rc2 38.e4 h5
39.Qxg5 Rxe2 40.Rf3 Qe7 41.Qxh5 Qxe4 42.Be3 Re7

[Event "XXXVI Open Internacional d'Esc"]
[Site "Badalona (Spain)"]
[Date "2010.08.03"]
[Round "2"]
[Board "1"]
[White "Munoz Pantoja, Miguel"]
[Black "Llaneza Vega, Patricia"]
[Result "1-0"]
[WhiteElo "2494"]
[BlackElo "2289"]
[PlyCount "63"]
[EventDate "2010.08.02"]
[EventRounds "9"]
[EventCountry "ESP"]

1.g3 c5 2.Bg2 Nc6 3.e4 e5 4.Ne2 g6 5.c3 Bg7 6.d3 Nge7 7.Be3 d6 8.O-O O-O 9.f4 b6
10.f5 f6 11.c4 a6 12.Nbc3 Ra7 13.g4 g5 14.h4 h6 15.Ng3 Nd4 16.hxg5 hxg5 17.Nh5
Nec6 18.Qd2 Rff7 19.Nd5 Ne7 20.Nxg7 Kxg7 21.Bxg5 Nxd5 22.Bh6+ Kh8 23.cxd5 Rh7
24.Kf2 Qg8 25.Bf3 Nxf3 26.Kxf3 b5 27.Rh1 b4 28.Rag1 Raf7 29.g5 fxg5 30.Qxg5 Qxg5
31.Rxg5 Rd7 32.Rg6

[Event "XXXVI Open Internacional d'Esc"]
[Site "Badalona (Spain)"]
[Date "2010.08.03"]
[Round "2"]
[Board "1"]
[White "Gomez Jurado, Luis Alberto"]
[Black "Narciso Dublan, Marc"]
[Result "0-1"]
[WhiteElo "2287"]
[BlackElo "2540"]
[PlyCount "74"]
[EventDate "2010.08.02"]
[EventRounds "9"]
[EventCountry "ESP"]

1.d4 Nf6 2.c4 e6 3.g3 d5 4.Nf3 g6 5.Bg2 Bg7 6.O-O O-O 7.Qc2 Na6 8.Nbd2 b6 9.a3
c5 10.e3 Bb7 11.b3 Rc8 12.Bb2 dxc4 13.bxc4 Rc7 14.Rfd1 Qa8 15.Ne1 Bxg2 16.Nxg2
Rd8 17.Bc3 Rcd7 18.Qa4 Qc8 19.Rac1 Ng4 20.Nf3 cxd4 21.exd4 Qb7 22.Nge1 h5 23.h3
Nh6 24.Bd2 Nf5 25.Bg5 Rc8 26.d5 exd5 27.cxd5 Nc5 28.Qc4 Nd6 29.Qf4 Nde4 30.d6 f6
31.Bh4 g5 32.Qf5 Rxd6 33.Bxg5 Rxd1 34.Rxd1 fxg5 35.Nxg5 Nxg5 36.Qxg5 Qf7 37.Nd3
Qf3

[Event "XXXVI Open Internacional d'Esc"]
[Site "Badalona (Spain)"]
[Date "2010.08.03"]
[Round "2"]
[Board "1"]
[White "Estrada Nieto, Julian"]
[Black "Bruzon Batista, Lazaro"]
[Result "1/2-1/2"]
[WhiteElo "2320"]
[BlackElo "2653"]
[PlyCount "63"]
[EventDate "2010.08.02"]
[EventRounds "9"]
[EventCountry "ESP"]

1.e4 g6 2.d4 Bg7 3.Nf3 d6 4.Nc3 a6 5.a4 b6 6.Be2 e6 7.Bf4 Ne7 8.Qd2 h6 9.h4 Nd7
10.O-O Bb7 11.Rfe1 Nf6 12.Bd3 Ng4 13.Bg3 O-O 14.Rad1 Qd7 15.Qe2 Nf6 16.e5 Nfd5
17.Nxd5 Bxd5 18.b3 Nf5 19.Bxa6 Bxf3 20.gxf3 d5 21.c3 Qe7 22.h5 c5 23.Bd3 Kh7
24.Bxf5 gxf5 25.Kg2 Rfc8 26.dxc5 Rxc5 27.Rd3 Rac8 28.Qd2 Qc7 29.Ree3 Qc6 30.Kh2
Qb7 31.f4 Qe7 32.Kh3

[Event "XXXVI Open Internacional d'Esc"]
[Site "Badalona (Spain)"]
[Date "2010.08.03"]
[Round "2"]
[Board "1"]
[White "Almeida Quintana, Omar"]
[Black "Hernandez, Ivan"]
[Result "1-0"]
[WhiteElo "2559"]
[BlackElo "2310"]
[PlyCount "69"]
[EventDate "2010.08.02"]
[EventRounds "9"]
[EventCountry "ESP"]

1.g3 d5 2.Bg2 Nf6 3.d3 c6 4.Nf3 Bf5 5.O-O e6 6.Be3 h6 7.c4 dxc4 8.dxc4 Qxd1
9.Rxd1 Nbd7 10.Nc3 Bc2 11.Rdc1 Bh7 12.h3 Bc5 13.Bxc5 Nxc5 14.Ne5 Ke7 15.b4 Nce4
16.Nxe4 Bxe4 17.f3 Bh7 18.c5 a5 19.a3 axb4 20.axb4 Nd5 21.e4 Nc7 22.Rxa8 Rxa8
23.Rd1 Rd8 24.Rxd8 Kxd8 25.Nxf7+ Ke7 26.Ne5 Na6 27.Nd3 e5 28.Bf1 Kf6 29.Nf2 Nxb4
30.Ng4+ Ke7 31.Bc4 Kd8 32.Nxe5 Kc7 33.Kf2 b5 34.cxb6+ Kxb6 35.Nd7+

[Event "XXXVI Open Internacional d'Esc"]
[Site "Badalona (Spain)"]
[Date "2010.08.03"]
[Round "2"]
[Board "1"]
[White "Larino Nieto, David"]
[Black "Spielmann, Alain"]
[Result "1-0"]
[WhiteElo "2461"]
[BlackElo "2286"]
[PlyCount "63"]
[EventDate "2010.08.02"]
[EventRounds "9"]
[EventCountry "ESP"]

1.b3 d5 2.Bb2 Nf6 3.g3 c6 4.Bg2 Bg4 5.f4 Nbd7 6.h3 Bf5 7.g4 Be4 8.Nf3 Qc7 9.e3
Bxf3 10.Qxf3 e5 11.O-O exf4 12.exf4 O-O-O 13.d3 Bc5+ 14.d4 Bd6 15.c4 g5 16.fxg5
Bh2+ 17.Kh1 Ne4 18.cxd5 Rhe8 19.dxc6 bxc6 20.Nc3 Ng3+ 21.Kxh2 Nxf1+ 22.Kg1 Ne3
23.Nb5 cxb5 24.Rc1 Nc2 25.Qf2 Re1+ 26.Rxe1 Nxe1 27.Qxe1 Nb6 28.Qf1 a6 29.Qf5+
Kb8 30.d5 Qc5+ 31.Kh2 Re8 32.Be5+

[Event "XXXVI Open Internacional d'Esc"]
[Site "Badalona (Spain)"]
[Date "2010.08.03"]
[Round "2"]
[Board "1"]
[White "Gonzalez Garcia, Jose"]
[Black "Van Kooten, Luuk"]
[Result "1/2-1/2"]
[WhiteElo "2508"]
[BlackElo "2304"]
[PlyCount "118"]
[EventDate "2010.08.02"]
[EventRounds "9"]
[EventCountry "ESP"]

1.d4 Nf6 2.c4 c5 3.d5 e6 4.Nc3 exd5 5.cxd5 d6 6.Nf3 g6 7.Bf4 a6 8.e4 b5 9.Qe2
Be7 10.e5 dxe5 11.Bxe5 Nbd7 12.O-O-O Nxe5 13.Nxe5 Qd6 14.Nc6 Kf8 15.Nxe7 Qxe7
16.d6 Qxe2 17.Bxe2 Bb7 18.Bf3 Bxf3 19.gxf3 Kg7 20.Rhe1 Rhe8 21.Rxe8 Rxe8 22.a4
b4 23.Nd5 Nxd5 24.Rxd5 Rd8 25.d7 c4 26.Rd4 a5 27.Kc2 Kf6 28.Rxc4 Rxd7 29.Rc5 Ra7
30.Kb3 Ke6 31.Kc4 Kd6 32.Kb5 Rb7+ 33.Kc4 Ra7 34.Rc8 Rb7 35.Rd8+ Kc6 36.Rd5 Ra7
37.h4 Kb6 38.Rd6+ Kc7 39.Kc5 h5 40.f4 Ra8 41.Rf6 Kd7 42.Kb5 Ke7 43.Rb6 f6 44.f5
g5 45.hxg5 fxg5 46.Rh6 Rf8 47.Kxa5 Rxf5+ 48.Kb6 Rxf2 49.Rxh5 Kf6 50.a5 Rxb2
51.a6 Ra2 52.Rh3 Kf5 53.a7 Kf4 54.Kb7 g4 55.Rb3 g3 56.Rxb4+ Kf3 57.Rb6 Rxa7+
58.Kxa7 g2 59.Rg6 Kf2

[Event "XXXVI Open Internacional d'Esc"]
[Site "Badalona (Spain)"]
[Date "2010.08.03"]
[Round "2"]
[Board "1"]
[White "Aguilar Garrido, Ivan"]
[Black "Ipatov, Alexander"]
[Result "0-1"]
[WhiteElo "2204"]
[BlackElo "2507"]
[PlyCount "98"]
[EventDate "2010.08.02"]
[EventRounds "9"]
[EventCountry "ESP"]

1.d4 Nf6 2.c4 e5 3.dxe5 Ng4 4.a3 Nxe5 5.e3 g6 6.Nc3 Bg7 7.Nh3 d6 8.Nf4 Nbd7
9.Be2 O-O 10.h4 h6 11.Qc2 Nc5 12.b3 Bf5 13.e4 Bd7 14.Bb2 f5 15.Nd3 Nexd3+
16.Bxd3 Nxd3+ 17.Qxd3 fxe4 18.Qg3 Kh7 19.h5 g5 20.O-O Qe8 21.Ra2 Be5 22.Qe3 Qxh5
23.g3 Bc6 24.Nd5 Qf3 25.Re1 Qxe3 26.Rxe3 Bxb2 27.Rxb2 Bxd5 28.cxd5 Rae8 29.Rbe2
Rf5 30.Rxe4 Rfe5 31.Rxe5 Rxe5 32.Rc2 Re7 33.Kg2 h5 34.f4 gxf4 35.gxf4 Kg6 36.Kf3
Kf6 37.Rh2 Rh7 38.Re2 h4 39.Kg4 Rg7+ 40.Kxh4 Kf5 41.Rf2 Rg4+ 42.Kh3 Rxf4 43.Rc2
Rf3+ 44.Kg2 Rxb3 45.Rxc7 Ke5 46.Kf2 a5 47.a4 b6 48.Ke2 Rb4 49.Kd3 Kxd5

[Event "XXXVI Open Internacional d'Esc"]
[Site "Badalona (Spain)"]
[Date "2010.08.04"]
[Round "3"]
[Board "1"]
[White "Cruz, Jonathan"]
[Black "Quesada Perez, Yuniesky"]
[Result "0-1"]
[WhiteElo "2437"]
[BlackElo "2603"]
[PlyCount "78"]
[EventDate "2010.08.02"]
[EventRounds "9"]
[EventCountry "ESP"]

1.d4 Nf6 2.c4 e6 3.Nc3 Bb4 4.f3 d5 5.a3 Bxc3+ 6.bxc3 c5 7.cxd5 Nxd5 8.dxc5 Qa5
9.e4 Nf6 10.Be3 O-O 11.Qb3 Nfd7 12.Bb5 Na6 13.Bxa6 Qxa6 14.Ne2 Ne5 15.Rd1 Nc4
16.Bf2 e5 17.a4 Be6 18.Qb5 Qc6 19.O-O Rfd8 20.Rfe1 a6 21.Qb4 a5 22.Rxd8+ Rxd8
23.Qb1 Rd2 24.h4 h6 25.Qa1 Bd7 26.Qb1 Rb2 27.Qd3 Qxa4 28.Rd1 Be6 29.Qd8+ Kh7
30.Ng3 Qc2 31.Nh1 a4 32.Kh2 a3 33.Rd7 a2 34.Re7 Qd2 35.Qa8 Qf4+ 36.Bg3 Qxf3
37.Nf2 Rxf2 38.Bxf2 Qxf2 39.c6 Ne3

[Event "XXXVI Open Internacional d'Esc"]
[Site "Badalona (Spain)"]
[Date "2010.08.04"]
[Round "3"]
[Board "1"]
[White "Corrales Jimenez, Fidel"]
[Black "Perez Mitjans, Orelvis"]
[Result "1-0"]
[WhiteElo "2574"]
[BlackElo "2424"]
[PlyCount "55"]
[EventDate "2010.08.02"]
[EventRounds "9"]
[EventCountry "ESP"]

1.e4 e6 2.d4 d5 3.Nc3 Bb4 4.e5 c5 5.a3 Bxc3+ 6.bxc3 Qc7 7.Nf3 Nc6 8.Bd3 c4 9.Be2
Bd7 10.a4 f6 11.O-O Nge7 12.Ba3 fxe5 13.dxe5 Nxe5 14.Nd4 N5g6 15.Bh5 O-O-O
16.Nb5 Bxb5 17.axb5 Nf5 18.Re1 Nf4 19.Bg4 Nd6 20.Bxd6 Qxd6 21.Qd4 h5 22.Bf3 Rhf8
23.Rxa7 Rf7 24.g3 Nh3+ 25.Kg2 Ng5 26.Bxh5 Rf6 27.f4 Ne4 28.Rxe4

[Event "XXXVI Open Internacional d'Esc"]
[Site "Badalona (Spain)"]
[Date "2010.08.04"]
[Round "3"]
[Board "1"]
[White "Lorenzo De La Riva, Lazaro"]
[Black "Munoz Pantoja, Miguel"]
[Result "0-1"]
[WhiteElo "2407"]
[BlackElo "2494"]
[PlyCount "82"]
[EventDate "2010.08.02"]
[EventRounds "9"]
[EventCountry "ESP"]

1.e4 c5 2.Nf3 Nc6 3.d4 cxd4 4.Nxd4 Nf6 5.Nc3 e5 6.Ndb5 d6 7.Bg5 a6 8.Na3 b5
9.Nd5 Qa5+ 10.Bd2 Qd8 11.Bg5 Qa5+ 12.Bd2 Qd8 13.Bd3 Nxd5 14.exd5 Ne7 15.c4 g6
16.cxb5 Bg7 17.Bb4 O-O 18.Bc4 Qb6 19.Qd2 axb5 20.Nxb5 Ba6 21.Nxd6 Rfd8 22.O-O
Rxd6 23.Bxd6 Qxd6 24.Bxa6 Rxa6 25.Rfd1 Nf5 26.Rac1 Bh6 27.Rc8+ Kg7 28.Qc3 Nd4
29.Qc5 Qd7 30.Rb8 Rd6 31.h3 Bf4 32.Re1 Nf3+ 33.gxf3 Qxh3 34.Re4 Bh2+ 35.Kh1 f5
36.Rh4 Qxh4 37.Kg2 e4 38.Qc7+ Kh6 39.Rg8 exf3+ 40.Kf1 Qh3+ 41.Ke1 Re6+

[Event "XXXVI Open Internacional d'Esc"]
[Site "Badalona (Spain)"]
[Date "2010.08.04"]
[Round "3"]
[Board "1"]
[White "Narciso Dublan, Marc"]
[Black "Anikaev, Yuri N"]
[Result "1/2-1/2"]
[WhiteElo "2540"]
[BlackElo "2411"]
[PlyCount "61"]
[EventDate "2010.08.02"]
[EventRounds "9"]
[EventCountry "ESP"]

1.e4 c5 2.c3 Nf6 3.e5 Nd5 4.Nf3 e6 5.Bc4 Nb6 6.Bb3 Nc6 7.d4 cxd4 8.cxd4 d5 9.Nc3
Be7 10.h4 h6 11.Rh3 Bd7 12.h5 Na5 13.Rg3 Bf8 14.Qd2 Nbc4 15.Bxc4 Nxc4 16.Qf4 Qb6
17.Nd2 Na5 18.Ne2 Bb5 19.Nb3 Qa6 20.Nc3 Nxb3 21.Nxb5 Qa5+ 22.Rc3 Bb4 23.Nd6+
Bxd6 24.axb3 Qxa1 25.exd6 O-O 26.Rg3 Rfc8 27.Rxg7+ Kxg7 28.Qxh6+ Kg8 29.Qg5+ Kh7
30.Qh6+ Kg8 31.Qg5+

[Event "XXXVI Open Internacional d'Esc"]
[Site "Badalona (Spain)"]
[Date "2010.08.04"]
[Round "3"]
[Board "1"]
[White "Bruzon Batista, Lazaro"]
[Black "Forsberg Conde, Martin"]
[Result "1-0"]
[WhiteElo "2653"]
[BlackElo "2010"]
[PlyCount "59"]
[EventDate "2010.08.02"]
[EventRounds "9"]
[EventCountry "ESP"]

1.e4 e5 2.Nf3 Nc6 3.Bb5 a6 4.Ba4 Nf6 5.O-O b5 6.Bb3 Bc5 7.c3 d6 8.d4 Bb6 9.Be3
Bg4 10.Nbd2 exd4 11.cxd4 O-O 12.h3 Bh5 13.Rc1 Qd7 14.e5 dxe5 15.dxe5 Bxe3
16.fxe3 Nd5 17.Ne4 Nce7 18.Nc5 Qc6 19.Qd2 Rad8 20.e4 Nb6 21.Nd4 Qg6 22.Qe3 Qh6
23.Qxh6 gxh6 24.Nf5 Nxf5 25.exf5 Be2 26.Rfe1 Bc4 27.Bxc4 Nxc4 28.b3 Nb2 29.Rc3
Rd2 30.Ne4

[Event "XXXVI Open Internacional d'Esc"]
[Site "Badalona (Spain)"]
[Date "2010.08.04"]
[Round "3"]
[Board "1"]
[White "Konguvel, Ponnuswamy"]
[Black "Almeida Quintana, Omar"]
[Result "1/2-1/2"]
[WhiteElo "2416"]
[BlackElo "2559"]
[PlyCount "147"]
[EventDate "2010.08.02"]
[EventRounds "9"]
[EventCountry "ESP"]

1.e4 g6 2.d4 Bg7 3.Nc3 d6 4.Be3 a6 5.f4 b5 6.Bd3 Nf6 7.e5 Nfd7 8.Nf3 Nb6 9.a4 b4
10.Ne4 a5 11.O-O O-O 12.Qe1 Ba6 13.Bxa6 Nxa6 14.f5 Nc4 15.b3 Nxe3 16.Qxe3 c5
17.e6 cxd4 18.Nxd4 Qb6 19.f6 exf6 20.Nxf6+ Bxf6 21.Rxf6 fxe6 22.Rxe6 Nc7 23.Nf3
Qc6 24.Re7 Rae8 {[%emt 0:00:04]} 25.Re1 Rxe7 {]} 26.Qxe7 Re8 {[%emt 0:00:08]}
27.Qf6 Qc5+ {[%emt 0:00:03]} 28.Kf1 Rf8 {[%emt 0:00:07]} 29.Qh4 Nd5 {[%emt
0:00:03]} 30.Qf2 Qc6 {[%emt 0:00:06]} 31.Kg1 Nf4 {[%emt 0:00:04]} 32.Re3 Qc5
{[%emt 0:00:00]} 33.Re7 Qd5 {[%emt 0:00:08]} 34.Qd4 Qxd4+ {[%emt 0:00:07]}
35.Nxd4 Nd5 {[%emt 0:00:05]} 36.Re6 Rc8 {[%emt 0:00:00]} 37.Rxd6 Ne3 {[%emt
0:00:00]} 38.Nc6 Rf8 {]} 39.Rd8 Rxd8 {[%emt 0:00:00]} 40.Nxd8 Nxc2 {[%emt
0:00:03]} 41.Nc6 Kf7 {[%emt 0:00:04]} 42.Nxa5 Ke6 {[%emt 0:00:02]} 43.Kf2 Kd5
{[%emt 0:00:01]} 44.Nc4 Na3 {[%emt 0:00:09]} 45.Nd2 Kd4 46.Ke2 Kc3 47.g4 Nc2
48.a5 Nd4+ 49.Ke3 Nc6 50.a6 Na7 51.g5 Kc2 52.h4 Kc3 53.Ne4+ Kxb3 54.Kd3 Ka4
55.Kc4 b3 56.Nc5+ Ka5 57.Nxb3+ Kxa6 58.Kd5 Kb6 59.Ke6 Nb5 60.Kf6 Nd6 61.Nd4 Kc5
62.Ne6+ Kd5 63.Nf8 Ne8+ 64.Kf7 Nd6+ 65.Kf6 Ne8+ 66.Kf7 Nd6+ 67.Kg7 Nf5+ 68.Kxh7
Nxh4 69.Nxg6 Nf5 70.Kg8 Kd4 71.Kf8 Ke3 72.Ne7 Kf4 73.g6 Kg5 74.Nxf5

[Event "XXXVI Open Internacional d'Esc"]
[Site "Badalona (Spain)"]
[Date "2010.08.04"]
[Round "3"]
[Board "1"]
[White "Ipatov, Alexander"]
[Black "Pomes Marcet, Juan"]
[Result "1/2-1/2"]
[WhiteElo "2507"]
[BlackElo "2361"]
[PlyCount "112"]
[EventDate "2010.08.02"]
[EventRounds "9"]
[EventCountry "ESP"]

1.d4 d5 2.Bf4 c5 3.e3 Nc6 4.c3 Qb6 5.Qb3 c4 6.Qc2 f5 7.Nf3 Nf6 8.h3 e6 9.g4 Be7
10.Rg1 O-O 11.gxf5 exf5 12.b3 cxb3 13.Qxb3 Qd8 14.Nbd2 Kh8 15.Bd3 Ne4 16.Ne5 Na5
17.Qd1 Qe8 18.Nxe4 fxe4 19.Be2 Bf5 20.Bh5 Qc8 21.Rc1 Qe6 22.Qa4 b6 23.Be2 Bxh3
24.Bb5 Rxf4 25.exf4 Qf6 26.Rh1 Qxf4 27.Qc2 Bf5 28.Bd7 Kg8 29.Bxf5 Qxf5 30.Qe2
Rf8 31.Rc2 Bd6 32.Rh5 Qe6 33.Qg4 Qe8 34.Rg5 Bxe5 35.Rxe5 Qf7 36.Qe6 Rd8 37.f4
Nc4 38.Qxf7+ Kxf7 39.Rh5 h6 40.Rg2 Ne3 41.Rg3 Nc4 42.Ke2 b5 43.Rg1 Rd7 44.Rf5+
Kg8 45.Rf6 Rf7 46.Rfg6 Kh7 47.Rc6 Nb6 48.f5 Kg8 49.Rf1 Kh7 50.Ke3 Nc4+ 51.Kf4
g5+ 52.Kg3 Ne3 53.Rh1 Nxf5+ 54.Kg4 Ne3+ 55.Kh5 Nf5 56.Kg4 Ne3+